000 00778nam a2200181Ia 4500
008 151202s9999||||xx |||||||||||||| ||und||
082 _bPNVM-66077
100 _aस्टेन अ‍ॅन मारीया / अनु. घारे दीपक.
245 _aथोर चित्रकार चोर.
260 _b"मनोविकास प्रकाशन,पुणे."
260 _c2008
300 _a144
600 _aस्टेन अ‍ॅन मारीया / अनु. घारे दीपक.
630 _aथोर चित्रकार चोर.
700 _aस्टेन अ‍ॅन मारीया / अनु. घारे दीपक.
730 _aथोर चित्रकार चोर.
942 _cBOOK
999 _c1332609
_d1332606